| 000 | 00000nam##2200000za#4500 |
| 001 | 9.639097 |
| 003 | CaOODSP |
| 005 | 20210624222009 |
| 007 | cr ||||||||||| |
| 008 | 150407|2002||||xxc|||||o f|0| 0 fre|d |
| 040 | |aCaOODSP|bfre |
| 043 | |an-cn--- |
| 086 | 1 |aH39-623/2002F-PDF |
| 110 | 1 |aCanada.|bSanté Canada. |bDirection générale de la santé de la population et de la santé publique. |
| 245 | 10|aGuide des termes d'usage dans l'épidémiologie et la surveillance du VIH/sida / |h[ressource électronique]|cpublié conjointement par la Société canadienne du sida (SCS) et du Centre de prévention et de contrôle des maladies infectieuses (CPCMI), Santé Canada. |
| 260 | |aOttawa - Ontario : |bSanté Canada. |cc2002. |
| 300 | |a103p.|bglossaire |
| 500 | |aLe n° de catalogue (H39-623/2002F) et l'ISBN (0-662-87143-x) de l'édition imprimée ont été incorrectement copiés dans l'édition électronique. |
| 504 | |aBibliographie. |
| 590 | |a11-17-Supp|b2011-09-12 |
| 691 | 07|aSIDA|2gcpds |
| 775 | 08|tA guide to HIV/AIDS epidemiological and surveillance terms / |w(CaOODSP)9.694930 |
| 856 | 40|ahttp://publications.gc.ca|qPDF|s697 Ko|uhttps://publications.gc.ca/collections/collection_2011/sc-hc/H39-623-2002-fra.pdf |